| 000 | 00529nam a2200193 a 4500 | ||
|---|---|---|---|
| 001 | 1775555653449 | ||
| 003 | YourLibrary | ||
| 005 | 20260407152612.0 | ||
| 008 | 260407s1992##################000#0#eng## | ||
| 020 | _a9780521407694 | ||
| 082 | 0 | 4 |
_a355.033047 _bLEE |
| 100 | 1 |
_aLeebaert, Derek, _eauthor. |
|
| 245 | 1 | 0 | _aSoviet Strategy and the New Military Thinking : |
| 260 |
_bCambridge University Press, _c1992. |
||
| 300 | _a302 pages | ||
| 650 | 0 | _aHistory. | |
| 942 | _cENGLISH | ||
| 040 |
_aYourLibrary _beng _cYourLibrary |
||
| 999 |
_c618793 _d618793 |
||